| 000 | 00991nam a22003017a 4500 | ||
|---|---|---|---|
| 001 | 6075 | ||
| 003 | FISKH | ||
| 005 | 20250307133024.0 | ||
| 008 | 250306b cb ||||| |||| 00| 0 eng d | ||
| 020 | _a9780439168281 | ||
| 040 |
_aFISKH _beng _cFISKH _dFISKH |
||
| 050 | _aPZ7.G8283 P | ||
| 082 | _a813.54 | ||
| 100 |
_aGreene, Bette _d(1934–2020) |
||
| 245 |
_aPhilip Hall like me, I reckon maybe / _cby Bette Greene ; Pictures by Charles Lilly |
||
| 250 | _aThis edition first published in 2000 | ||
| 260 |
_aNew York : _bScholastic, _c1978 |
||
| 300 |
_a135 pages : _billustrations ; _c20 cm |
||
| 505 | _aZ | ||
| 520 | _aEleven-year-old Beth thinks that Philip Hall likes her, but their on-again, off-again relationship sometimes makes her wonder. | ||
| 521 | 8 |
_a900
_bLexile |
|
| 521 | 8 |
_aZ
_bRaz-Plus |
|
| 650 |
_2African Americans _aAward winner |
||
| 650 |
_2Friendship _aGirls |
||
| 700 |
_aLilly, Charles _dillustrator |
||
| 942 |
_2ddc _cBK _n0 |
||
| 999 |
_c6075 _d6075 |
||